| 000 | 00469nas a22001697a 4500 | ||
|---|---|---|---|
| 999 |
_c165013 _d165013 |
||
| 005 | 20190604153720.0 | ||
| 006 | a|||||r|||||00| 0 | ||
| 007 | ta | ||
| 008 | 120726c xxu||||| |||| 00| 0 eng d | ||
| 022 | _a2631-4541 | ||
| 245 | _aNHRD network journal | ||
| 260 |
_aNew Delhi _bSage Publications _c2018- |
||
| 300 |
_av. _c24cm (pbk) |
||
| 310 | _aQuarterly | ||
| 270 |
_aB1/1-1, Mohan Cooperative Industrial Area, _bNew Delhi _e110044 _dIndia |
||
| 942 |
_2ddc _cSR _s1 |
||